000 00610nam a2200229Ia 4500
003 OSt
005 20220928120750.0
006 a|||||r|||| 00| 0
007 ta
008 220927b |||||||| |||| 00| 0 eng d
024 _a30600
037 _cTextual
040 _aSDCL
_cSDCL
_beng
041 _2eng
_aeng
082 _aX9:5(Z73), M2
100 _aBreyer Stephen
_9450999
245 0 _aRegulation and its reform
260 _aCambridge
_bHarvard University Press
_c1982
300 _axii,472p
_ccm.
942 _hX9:5(Z73), M2
_cTEXL
_2CC
999 _c765125
_d765125